A guide to the Egyptian galleries (sculpture) /
Corporate Author:
Other Authors:
Format: Book
Language: English
Published:
[London] :
Printed by order of the Trustees,
1909.
Subjects:
Tags: Add Tag
Call Number: DT59 .B74 1909
| LEADER | 01010nam a2200265I 4500 | ||
|---|---|---|---|
| 001 | 4051 | ||
| 003 | OSt | ||
| 005 | 20260510102326.0 | ||
| 008 | 130303s1909 enkaf c 000 0 eng d | ||
| 010 | |a 09027340 | ||
| 035 | |a ocm01294431 | ||
| 040 | |c ARCE Library | ||
| 050 | 4 | |a DT59 .B74 1909 | |
| 110 | 2 | |a British Museum. |b Dept. of Egyptian and Assyrian Antiquities. | |
| 245 | 1 | 2 | |a A guide to the Egyptian galleries (sculpture) / |c With 39 plates and 46 illustrations in the text. |
| 264 | 1 | |a [London] : |b Printed by order of the Trustees, |c 1909. | |
| 300 | |a xxii, 351, [3] pages : |b illustrations, xxxix plates (1 fold.) ; |c 22 cm. | ||
| 500 | |a "Publications of the Department of Egyptian and Assyrian antiquities" : pages [352-353] | ||
| 500 | |a Preface signed : E. A. Wallis Budge. | ||
| 650 | 0 | |a Sculpture |z England |z London |v Catalogs. | |
| 650 | 0 | |a Sculpture, Egyptian. | |
| 700 | 1 | |a Budge, E. A. Wallis, |q (Ernest Alfred Wallis), |c Sir, |d 1857-1934. | |
| 901 | |a reviewed | ||
| 942 | |c BK |2 lcc | ||
| 999 | |c 5590 |d 5590 | ||
